[Event "POL-ch U20"]
[Site "Ustron"]
[Date "2019.11.27"]
[Round "6"]
[White "Janeczko, Jakub"]
[Black "Koloczek, Maciej"]
[Result "0-1"]
[WhiteElo "1839"]
[BlackElo "1947"]
[PlyCount "106"]
[EventDate "2019.11.23"]
[EventType "swiss"]
[EventRounds "9"]
[EventCountry "POL"]
[SourceTitle "CBM 193 Extra"]
[Source "ChessBase"]
[SourceDate "2020.01.31"]
[SourceVersion "1"]
[SourceVersionDate "2020.01.31"]
[SourceQuality "1"]

1. d4 Nf6 2. Bf4 g6 3. Nc3 d5 4. e3 Bg7 5. h4 c6 6. Be2 h5 7. Nf3 Nbd7 8. Qd2 Ng4 9. Bg3 e5 10. 0-0-0 0-0 11. Nxe5 Ngxe5 12. dxe5 Nxe5 13. e4 d4 14. Qxd4 Qe7 15. Qd6 Qxd6 16. Rxd6 Be6 17. Rhd1 Rfe8 18. Kb1 Kf8 19. Na4 Ke7 20. Nc5 Bc8 21. f4 Ng4 22. Bxg4 Bxg4 23. R1d2 Bc8 24. Bf2 f6 25. e5 fxe5 26. Rxg6 Kf7 27. Rg5 e4 28. Be3 Bf6 29. Rd6 Bxg5 30. hxg5 b6 31. Rf6+ Kg7 32. Nb3 Re6 33. Rxe6 Bxe6 34. Nd4 Bd7 35. Kc1 c5 36. Ne2 Kg6 37. Ng3 Re8 38. Kd2 h4 39. Nf1 Bb5 40. Nh2 Kf5 41. a3 Rd8+ 42. Ke1 Ba4 43. b3 Bb5 44. Bd2 a5 45. c4 Bc6 46. Nf1 Rd3 47. Ne3+ Kxf4 48. g6 Be8 49. g7 Bf7 50. Nd5+ Kg3 51. Nf6 Kxg2 52. Nxe4 h3 53. Ng5 h2 0-1

[Event "POL-ch U20"]
[Site "Ustron"]
[Date "2019.11.25"]
[Round "4"]
[White "Gardian, Adam"]
[Black "Koloczek, Maciej"]
[Result "1/2-1/2"]
[WhiteElo "1835"]
[BlackElo "1947"]
[PlyCount "81"]
[EventDate "2019.11.23"]
[EventType "swiss"]
[EventRounds "9"]
[EventCountry "POL"]
[SourceTitle "CBM 193 Extra"]
[Source "ChessBase"]
[SourceDate "2020.01.31"]
[SourceVersion "1"]
[SourceVersionDate "2020.01.31"]
[SourceQuality "1"]

1. Nf3 Nf6 2. d4 g6 3. c4 Bg7 4. Nc3 d6 5. Bg5 h6 6. Bh4 g5 7. Bg3 Nh5 8. e3 c5 9. Rc1 Bf5 10. Bd3 Bxd3 11. Qxd3 Nd7 12. 0-0 0-0 13. Rfd1 f5 14. dxc5 Nxc5 15. Qd5+ Kh8 16. b4 Nf6 17. Qd2 Nce4 18. Nxe4 Nxe4 19. Qd3 Rc8 20. Nd2 Nxd2 21. Rxd2 Qb6 22. a3 a5 23. Rb1 axb4 24. axb4 Qc6 25. Rc2 e5 26. f3 Rf7 27. Rd1 f4 28. Bf2 fxe3 29. Bxe3 Rd7 30. Qd5 Qa4 31. Qd2 Rdc7 32. Rdc1 Qd7 33. Bb6 Rc6 34. Be3 Qe6 35. Qd3 R6c7 36. Qe4 Qf7 37. Kf2 d5 38. cxd5 Rxc2+ 39. Rxc2 Rxc2+ 40. Qxc2 Qxd5 41. Qc8+ 1/2-1/2

[Event "POL-ch U20"]
[Site "Ustron"]
[Date "2019.11.24"]
[Round "2"]
[White "Jankowiak, Tomasz"]
[Black "Koloczek, Maciej"]
[Result "1/2-1/2"]
[WhiteElo "2111"]
[BlackElo "1947"]
[PlyCount "120"]
[EventDate "2019.11.23"]
[EventType "swiss"]
[EventRounds "9"]
[EventCountry "POL"]
[SourceTitle "CBM 193 Extra"]
[Source "ChessBase"]
[SourceDate "2020.01.31"]
[SourceVersion "1"]
[SourceVersionDate "2020.01.31"]
[SourceQuality "1"]

1. e4 e6 2. d4 d5 3. Bd3 dxe4 4. Bxe4 Nf6 5. Bf3 c5 6. Ne2 Nbd7 7. Nbc3 a6 8. Be3 cxd4 9. Bxd4 Qc7 10. Qd2 Bb4 11. a3 Be7 12. Ne4 Nxe4 13. Bxe4 Nf6 14. Bd3 e5 15. Bc3 Be6 16. f4 e4 17. Bxf6 exd3 18. Bxe7 dxe2 19. Bb4 Rc8 20. f5 Bxf5 21. Qxe2+ Be6 22. 0-0 Qb6+ 23. Kh1 a5 24. Bc3 0-0 25. Rae1 Bc4 26. Qg4 Qg6 27. Rf4 Be6 28. Qf3 b6 29. Qf2 b5 30. h3 Rfd8 31. Bxa5 Rd5 32. Bc3 Rg5 33. Kh2 h5 34. Re3 Bc4 35. Rg3 Re8 36. Rxg5 Qxg5 37. Qg3 Qh6 38. Rf5 h4 39. Qf3 Qd6+ 40. Qf4 Qxf4+ 41. Rxf4 Re2 42. Rg4 g6 43. Rxh4 f5 44. Rd4 Rxc2 45. a4 Bf1 46. Rd1 Bxg2 47. Rd2 Rxd2 48. Bxd2 Bc6 49. a5 Kf7 50. Kg3 Kf6 51. Bc3+ Ke6 52. Kf4 Bb7 53. h4 Bc8 54. Bg7 Kf7 55. Bh8 Ke6 56. Ke3 Kd5 57. Kd3 Bb7 58. Bd4 Bc8 59. Bf2 Bb7 60. Kc3 Ke5 1/2-1/2

[Event "Jastrzebie Zdroj op"]
[Site "Jastrzebie Zdroj"]
[Date "2019.08.15"]
[Round "4"]
[White "Koloczek, Maciej"]
[Black "Wos, Kacper"]
[Result "1-0"]
[WhiteElo "1958"]
[BlackElo "1313"]
[PlyCount "63"]
[EventDate "2019.08.12"]
[EventType "swiss"]
[EventRounds "9"]
[EventCountry "POL"]
[SourceTitle "CBM 191 Extra"]
[Source "ChessBase"]
[SourceDate "2019.09.30"]
[SourceVersion "1"]
[SourceVersionDate "2019.09.30"]
[SourceQuality "1"]

1. e4 c5 2. Nf3 g6 3. d4 cxd4 4. Nxd4 Bg7 5. c4 Nc6 6. Be3 Nf6 7. Nc3 d6 8. f3 Bd7 9. Rc1 a5 10. Na4 Nb4 11. a3 Na6 12. Nb5 Bc6 13. Bb6 Qb8 14. Bxa5 Nd7 15. Bc3 0-0 16. Be2 Nc7 17. Bxg7 Kxg7 18. Nac3 Bxb5 19. cxb5 Qa7 20. a4 Qe3 21. b4 Ne5 22. Rc2 f5 23. Qd2 Nc4 24. Qd3 fxe4 25. Qxc4 exf3 26. gxf3 Rxf3 27. Qe4 Qf2+ 28. Kd2 Raf8 29. Rf1 Qxf1 30. Bxf1 Rxf1 31. Ne2 R8f7 32. Rxc7 1-0

[Event "Malopolska Region-chB"]
[Site "Krakow"]
[Date "2019.06.21"]
[Round "3"]
[White "Koloczek, Maciej"]
[Black "Czarkowski, Tomasz"]
[Result "0-1"]
[WhiteElo "1981"]
[BlackElo "1876"]
[PlyCount "76"]
[EventDate "2019.06.20"]
[EventType "swiss"]
[EventRounds "7"]
[EventCountry "POL"]
[SourceTitle "EXT 2020"]
[Source "ChessBase"]
[SourceDate "2019.10.17"]
[SourceVersion "1"]
[SourceVersionDate "2019.10.17"]
[SourceQuality "1"]

1. e4 e6 2. d3 d5 3. Nd2 Nd7 4. Ngf3 dxe4 5. dxe4 b6 6. Bb5 Ne7 7. Ne5 a6 8. Qf3 f6 9. Nc6 Nxc6 10. Bxc6 Rb8 11. e5 Be7 12. exf6 Bxf6 13. Qh5+ g6 14. Qe2 Qe7 15. Ne4 0-0 16. Nxf6+ Qxf6 17. 0-0 Ne5 18. Be4 Bd7 19. a4 b5 20. Bh6 Rf7 21. b3 bxa4 22. bxa4 Qh4 23. Bd2 Ng4 24. h3 Nf6 25. Bf3 Bxa4 26. Rfb1 Rxb1+ 27. Rxb1 Qd4 28. Be3 Qd6 29. Rd1 Qe7 30. Qxa6 Bxc2 31. Rc1 Bb3 32. Bc5 Qd8 33. Rb1 Bd5 34. Be2 Kg7 35. h4 Nd7 36. Bd4+ e5 37. Be3 Qxh4 38. Qa7 Qe4 0-1

[Event "Raciborz op 19th"]
[Site "Raciborz"]
[Date "2019.02.13"]
[Round "7"]
[White "Koloczek, Maciej"]
[Black "Niedbala, Bartlomiej"]
[Result "1/2-1/2"]
[WhiteElo "1922"]
[BlackElo "1949"]
[PlyCount "66"]
[EventDate "2019.02.09"]
[EventType "swiss"]
[EventRounds "9"]
[EventCountry "POL"]
[SourceTitle "CBM 188 Extra"]
[Source "ChessBase"]
[SourceDate "2019.02.26"]
[SourceVersion "1"]
[SourceVersionDate "2019.02.26"]
[SourceQuality "1"]

1. e4 d6 2. d4 Nf6 3. Nc3 g6 4. f4 Bg7 5. Nf3 0-0 6. Bd3 Na6 7. 0-0 c5 8. d5 Bg4 9. h3 Bxf3 10. Qxf3 Nb4 11. a3 Nxd3 12. Qxd3 Nd7 13. Ne2 b5 14. Qxb5 Rb8 15. Qd3 Bxb2 16. Rb1 Bxc1 17. Rfxc1 Qa5 18. c4 Qa4 19. Kf2 Rxb1 20. Rxb1 Nb6 21. Qb3 Qxc4 22. Qxc4 Nxc4 23. Rb7 a5 24. Rxe7 Nxa3 25. e5 Nc4 26. exd6 Nxd6 27. Ra7 Ne4+ 28. Kf3 f5 29. g4 Rd8 30. gxf5 gxf5 31. Ng3 Nxg3 32. Kxg3 Rxd5 33. Rxa5 Kg7 1/2-1/2

[Event "Krakow op-B 29th"]
[Site "Krakow"]
[Date "2018.12.31"]
[Round "6"]
[White "Koloczek, Maciej"]
[Black "Niedbala, Bartlomiej"]
[Result "1-0"]
[WhiteElo "1852"]
[BlackElo "1973"]
[PlyCount "113"]
[EventDate "2018.12.27"]
[EventType "swiss"]
[EventRounds "9"]
[EventCountry "POL"]
[SourceTitle "CBM 189 Extra"]
[Source "ChessBase"]
[SourceDate "2019.06.03"]
[SourceVersion "1"]
[SourceVersionDate "2019.06.03"]
[SourceQuality "1"]

1. e4 c5 2. Nf3 d6 3. d4 cxd4 4. Nxd4 Nf6 5. Nc3 g6 6. Be3 Bg7 7. f3 0-0 8. Qd2 Nc6 9. 0-0-0 d5 10. exd5 Nxd5 11. Nxc6 bxc6 12. Nxd5 cxd5 13. Bh6 Bxh6 14. Qxh6 Qa5 15. Kb1 Rb8 16. h4 Bf5 17. Bd3 Qa3 18. b3 Bxd3 19. Rxd3 Rfc8 20. Qc1 Qxc1+ 21. Rxc1 Rc5 22. Rcd1 e6 23. Rd4 Kg7 24. Kb2 Kf6 25. Rf4+ Ke7 26. Rfd4 Rb7 27. a3 a5 28. c3 Rbc7 29. R4d3 Kf6 30. a4 h5 31. R1d2 Rb7 32. g3 Rc8 33. Ka3 Rbc7 34. Kb2 Kf5 35. b4 Rc4 36. Kb3 d4 37. bxa5 Ke5 38. f4+ Kf5 39. cxd4 Ke4 40. d5 exd5 41. Rxd5 Rc3+ 42. Kb4 Rxg3 43. R2d4+ Ke3 44. a6 Rg1 45. Ka5 Rb1 46. Rb4 Rxb4 47. Kxb4 Kxf4 48. Rg5 Rg8 49. Kb5 f6 50. Rg1 g5 51. a7 Ke3 52. Ka6 g4 53. Rb1 g3 54. Rb8 Rg4 55. Rb3+ Kf2 56. a5 g2 57. Rb2+ 1-0

[Event "Lazy op 14th"]
[Site "Lazy"]
[Date "2018.06.30"]
[Round "7"]
[White "Zelak, Wladyslaw"]
[Black "Koloczek, Maciej"]
[Result "1-0"]
[WhiteElo "1779"]
[BlackElo "1961"]
[PlyCount "133"]
[EventDate "2018.06.24"]
[EventType "swiss"]
[EventRounds "9"]
[EventCountry "POL"]
[SourceTitle "CBM 185 Extra"]
[Source "ChessBase"]
[SourceDate "2018.07.29"]
[SourceVersion "1"]
[SourceVersionDate "2018.07.29"]
[SourceQuality "1"]

1. d4 Nf6 2. c4 e6 3. Nf3 d5 4. e3 a6 5. Nc3 Be7 6. Bd3 dxc4 7. Bxc4 b5 8. Bb3 Bb7 9. 0-0 0-0 10. Qe2 Nbd7 11. Ne5 c5 12. Nxd7 Nxd7 13. d5 exd5 14. Bxd5 Bxd5 15. Nxd5 Nb6 16. Nxe7+ Qxe7 17. b3 Rfd8 18. Bb2 Rd7 19. Rad1 Rad8 20. h3 Qe6 21. Qh5 Rd5 22. Rxd5 Rxd5 23. Rd1 Rxd1+ 24. Qxd1 Qd7 25. Qc2 c4 26. Bd4 cxb3 27. axb3 Nd5 28. Qa2 Qc6 29. Qa5 Qc1+ 30. Kh2 Qc7+ 31. Qxc7 Nxc7 32. Bc5 f6 33. Kg3 Kf7 34. Kf3 Ke6 35. Ke4 g6 36. Kd4 Ne8 37. f3 Ng7 38. g4 Ne8 39. Bb4 Nc7 40. Kc5 Nd5 41. Bd2 f5 42. g5 Ke5 43. b4 Ke6 44. Kc6 Ne7+ 45. Kc5 Nd5 46. e4 fxe4 47. fxe4 Ne7 48. Bf4 Kd7 49. Kb6 Nc6 50. Bd2 Nd4 51. Kxa6 Kc6 52. Be3 Ne6 53. h4 Nc7+ 54. Ka7 Ne6 55. Kb8 Kd6 56. Kc8 Ke5 57. Kd7 Ng7 58. Kc6 Kxe4 59. Bf2 Nf5 60. Kxb5 Kd5 61. Ka6 h6 62. b5 hxg5 63. hxg5 Nd6 64. Bg3 Nc4 65. b6 Nxb6 66. Kxb6 Ke4 67. Bc7 1-0

[Event "Bohumin op 1st"]
[Site "Bohumin"]
[Date "2018.05.27"]
[Round "8"]
[White "Kolar, Stanislav"]
[Black "Koloczek, Maciej"]
[Result "0-1"]
[WhiteElo "2091"]
[BlackElo "1871"]
[PlyCount "118"]
[EventDate "2018.05.20"]
[EventType "swiss"]
[EventRounds "8"]
[EventCountry "CZE"]
[SourceTitle "CBM 184 Extra"]
[Source "ChessBase"]
[SourceDate "2018.06.28"]
[SourceVersion "1"]
[SourceVersionDate "2018.06.28"]
[SourceQuality "1"]

1. Nf3 e6 2. c4 f5 3. Nc3 Nf6 4. d4 d5 5. cxd5 exd5 6. g3 c6 7. Bg2 Bd6 8. 0-0 0-0 9. Ne5 Nbd7 10. Bf4 Qe7 11. Nd3 Ne4 12. Bxd6 Nxd6 13. Qb3 Ne4 14. Rad1 Ndf6 15. Ne5 Be6 16. f3 Nd6 17. Qa3 Rfe8 18. b3 Bf7 19. Na4 Bh5 20. Qb2 Nb5 21. e3 Rac8 22. Nc5 b6 23. Ncd3 Rc7 24. Rc1 Nd7 25. Rfe1 Nxe5 26. dxe5 a5 27. a4 Na7 28. f4 Bf7 29. b4 axb4 30. Nxb4 Rd8 31. Red1 g5 32. Qc2 Qxb4 33. Qxf5 Qe7 34. h4 gxh4 35. g4 Bg6 36. Qf6 Qxf6 37. exf6 Bf7 38. e4 d4 39. e5 c5 40. f5 c4 41. e6 d3 42. Rc3 b5 43. Be4 b4 44. Rcc1 d2 45. Rb1 c3 46. Rxb4 c2 47. Bxc2 Rxc2 48. Kf2 Nc6 49. Rb7 Ne5 50. Ke2 h3 51. Rb3 h2 52. Rh3 Nxg4 53. exf7+ Kxf7 54. Rxh7+ Kxf6 55. Rh5 Ra2 56. Kf3 Rxa4 57. Rh7 Rd3+ 58. Ke2 Rd5 59. Rxd2 Rxd2+ 0-1